000 00230nam a22000857a 4500
008 170605b xxu||||| |||| 00| 0 eng d
100 _93268
_aBhattacharya. B
245 _aOur school Panorama
260 _aNew Delhi
_bArya Publication
_c2005
999 _c6582
_d6582